MARC

LEADER 00000nam0a2200000 4500
001 280864
005 20231101235340.0
020 |a RU  |b 86-75611 
035 |a (RuTPU)RU\TPU\book\304424 
090 |a 280864 
100 |a 20150115d1986 m y0rusy5003 ca 
101 0 |a rus 
102 |a RU 
105 |a a z 001zy 
200 1 |a Современная архитектура Югославии  |f В. Н. Белоусов 
205 |a 2-е изд., доп. и перераб. 
210 |a Москва  |c Стройиздат  |d 1986 
215 |a 208 с.  |c ил. 
320 |a Библиогр.: с. 204-205 
320 |a Имен. указ.: с. 206-207 
606 1 |a Архитектура  |x Зарубежных стран  |z 20 в.  |2 stltpush  |3 (RuTPU)RU\TPU\subj\29469  |9 52786 
610 1 |a Югославия 
610 1 |a 20 век 
610 1 |a история 
610 1 |a градостроительство 
610 1 |a искусство 
610 1 |a монументы 
610 1 |a мемориальные ансамбли 
610 1 |a городская архитектура 
610 1 |a транспортные сооружения 
675 |a 72.036  |v 3 
700 1 |a Белоусов  |b В. Н.  |g Владимир Николаевич 
801 0 |a RU  |b RuMRKP  |c 19950704  |g psbo 
801 1 |a RU  |b 63413507  |c 20150115 
801 2 |a RU  |b 63413507  |c 20170327  |g RCR 
942 |c BK